| 000 | 00814nam a2200241 a 4500 | ||
|---|---|---|---|
| 005 | 20260415064208.0 | ||
| 008 | 020131s1998 mx r 000 0 spa d | ||
| 020 | _a950550232X | ||
| 035 | _aUPN01000115384 | ||
| 049 | _aCG | ||
| 050 | 4 |
_aLB2822.75 _bL8.4 1998 |
|
| 100 | 1 |
_aLuchetti, Elena L. _933494 |
|
| 245 | 1 | 3 |
_aEl diagnóstico en el aula : _bconceptos, procedimientos, actitudes y dimensiones complementarias / _cElena L. Luchetti, Omar G. Berlanda. |
| 250 | _a2a. ed. | ||
| 260 |
_aBuenos Aires : _bMagisterio de Río de la Plata, _cc1998. |
||
| 300 |
_a101 p. : _bil. |
||
| 440 | 0 | _aRespuestas educativas | |
| 650 | 4 |
_aEvaluación educativa _94298 |
|
| 650 | 2 |
_aConstructivismo (Educación) _91516 |
|
| 650 | 4 |
_aPsicología educativa _95197 |
|
| 700 | 1 |
_aBerlanda, Omar G., _ecoaut. |
|
| 905 | _aLibro | ||
| 999 |
_c88805 _d88805 |
||